Technologické vlastnosti laserových zvarových spojov
Guardado en:
| Autor principal: | |
|---|---|
| Otros Autores: | |
| Formato: | Manuscrito Libro |
| Lenguaje: | eslovaco |
| Publicado: |
Bratislava :
STU v Bratislave SjF,
2013
|
| Materias: | |
| Acceso en línea: | VAIS |
| Etiquetas: |
Sin Etiquetas, Sea el primero en etiquetar este registro!
|
MARC
| LEADER | 00000ntm a22000003a 4500 | ||
|---|---|---|---|
| 001 | stu286851 | ||
| 005 | 20150617230256.6 | ||
| 008 | 140321s2013----xo------------------slo-d | ||
| 040 | |a STU |b slo | ||
| 041 | 0 | |a slo | |
| 044 | |a xo | ||
| 100 | 1 | |a Sumera, Ivan, |d 1989- |4 aut |u J |T SjF Strojnícka fakulta |X 59252 |U J |Y 20 |7 A000059252 | |
| 242 | 0 | 0 | |a Technological parameters of laser welding joints |y eng |
| 245 | 1 | |a Technologické vlastnosti laserových zvarových spojov | |
| 260 | |a Bratislava : |b STU v Bratislave SjF, |c 2013 | ||
| 650 | 7 | |a Production Processes and Materials |2 estusub | |
| 650 | 7 | |a power |2 estusub | |
| 650 | 7 | |a velocity |2 estusub | |
| 650 | 7 | |a deep drawing |2 estusub | |
| 650 | 7 | |a welding parameters |2 estusub | |
| 650 | 7 | |a laser welding |2 estusub | |
| 650 | 7 | |a laser |2 estusub | |
| 650 | 7 | |a laser |2 stusub | |
| 650 | 7 | |a výkon |2 stusub | |
| 650 | 7 | |a rýchlosť |2 stusub | |
| 650 | 7 | |a hlbokoťažnosť |2 stusub | |
| 650 | 7 | |a parametre zvárania |2 stusub | |
| 650 | 7 | |a laserové zváranie |2 stusub | |
| 650 | 7 | |a laser |2 estusub | |
| 650 | 7 | |a laser |2 stusub | |
| 650 | 7 | |a dvojfázové ocele |2 stusub | |
| 650 | 7 | |a vysokopevné ocele |2 stusub | |
| 650 | 7 | |a strojárske technológie a materiály |2 stusub | |
| 700 | 1 | |a Iždinská, Zita, |d 1958- |4 ths |u J280 |U SjF Ústav technológií a materiálov |T SjF Katedra materiálov a technológií |X 2367 |U J280 |Y 52 |7 A000002367 | |
| 856 | 4 | |a info a plný text |u http://is.stuba.sk/zp/portal_zp.pl?podrobnosti=94933 |3 VAIS | |